Effective internal in-company knowledge distribution

Riadenie vedomostí zahŕňa aj distribúciu vedomostí. Viaceré spôsoby distribúcie vedomostí, ktoré sa bežne používajú vo firmách. Automatizovaná distribúcia cez informačné systémy. Forma komunikácie v explicitnej podobe. Distribúcia informácií cez osobný kontakt.

Salvato in:
Dettagli Bibliografici
Autore principale: Miklošík, Andrej
Natura: Capitolo di libro
Lingua:inglese
Soggetti:
Tags: Aggiungi Tag
Nessun Tag, puoi essere il primo ad aggiungerne!!

MARC

LEADER 00000nla$a2200000$$$4500
001 0136418
005 20240502072528.3
041 0 |a eng 
044 |a SK 
245 1 0 |a Effective internal in-company knowledge distribution  |c Andrej Miklošík 
520 |a Riadenie vedomostí zahŕňa aj distribúciu vedomostí. Viaceré spôsoby distribúcie vedomostí, ktoré sa bežne používajú vo firmách. Automatizovaná distribúcia cez informačné systémy. Forma komunikácie v explicitnej podobe. Distribúcia informácií cez osobný kontakt. 
610 2 0 |a vedomosti 
610 2 0 |a distribúcia informácií 
610 2 0 |a riadenie znalostí 
610 2 0 |a manažment znalostný 
610 2 0 |a systémy informačné 
610 2 0 |a firmy 
100 1 |a Miklošík, Andrej